000 01842nam2a2200289 4500
001 v19\rc\1929357
005 20250619193500.0
035 _a(NLR Aleph) 005014636
090 _a6524332
_c6524332
100 _a20080404d1912 |||y0rusy50 ca
101 0 _arus
102 _aRU
105 _ay|||a|||000zy
200 0 _a[Вып. 2]
210 _d1912
_aБ. м.
215 _a[2], 10 с.
311 _a"Отд. отт. из Известий Отделения русского языка и словесности Академии наук, т. 17 (1912 г.), кн. 2"
461 0 _1001v19\rc\1929356
_12001#$aК библиографии материалов о Гоголе$fСергей Бертенсон$v[Вып. 2]
_1700#1$aБертенсон$bС. Л.$f1885-1962$gСергей Львович
_95953131
_aБертенсон, С. Л. (1885-1962)
_cСанкт-Петербург
_d1911
_fСергей Бертенсон
_nТипография Императорской Академии наук
_tК библиографии материалов о Гоголе
_v[Вып. 2]
488 0 _12001#$aИзвестия Отделения русского языка и словесности Академии наук$h1912$vт. 17, кн. 2
_1710#02$aАкадемия наук$cПетербург$bОтделение русского языка и словесности$b"Известия"$3RU\NLR\AUTH\880560507
_tИзвестия Отделения русского языка и словесности Академии наук
_aАкадемия наук (Петербург). "Известия"
801 0 _aRU
_bNLR
_gpsbo
801 0 _aRU
_bRuMoRGB
_2psbo
801 1 _aRU
_bProSoft-M
_2rusmarc
852 _aNLR
_j641/Г-58
942 _cBOOK
980 _aNB